Statystyki dla Community Xayoo Industries

Kliknij tutaj aby rozwiązać quiz!

Ogólne statystyki

  • Ten quiz został rozwiązany 89 razy
    (43 od ostatniego zresetowania)
  • Średni wynik to 15 z 21

Statystyki odpowiedzi

Odpowiedź% Poprawnych
Xayoo
100%
Japczan
97%
Mlodziutki
97%
Popo
97%
Holak
94%
Lukisteve
94%
Vysotzky
94%
Aki
91%
MokrySuchar
91%
Dejvid
82%
Paramaxil
68%
Bagietka
65%
Matixoxo
65%
Olszakumpel
65%
Budyn
59%
DerpShaco
50%
Punio
50%
Mailinh
44%
Tobiaszek
41%
Snorlax
26%
Paulinka
24%

Rozkład punktacji

Percentyl według liczby udzielonych odpowiedzi

Procent ludzi z każdym wynikiem

Twoja historia wyników

Nie rozwiązałeś tego quizu od ostatniego zresetowania